<?xml version="1.0" encoding="UTF-8"?>
<record
    xmlns:xsi="http://www.w3.org/2001/XMLSchema-instance"
    xsi:schemaLocation="http://www.loc.gov/MARC21/slim http://www.loc.gov/standards/marcxml/schema/MARC21slim.xsd"
    xmlns="http://www.loc.gov/MARC21/slim">

  <leader>02783nam a2200517 i 4500</leader>
  <controlfield tag="003">EG-ScBUE</controlfield>
  <controlfield tag="005">20230905103449.0</controlfield>
  <controlfield tag="008">190504s2019    e  a   f      001 0 eng d</controlfield>
  <datafield tag="020" ind1=" " ind2=" ">
    <subfield code="a">9781789535303</subfield>
  </datafield>
  <datafield tag="040" ind1=" " ind2=" ">
    <subfield code="a">EG-ScBUE</subfield>
    <subfield code="b">eng</subfield>
    <subfield code="e">rda</subfield>
    <subfield code="c">EG-ScBUE</subfield>
    <subfield code="d">EG-ScBUE</subfield>
  </datafield>
  <datafield tag="082" ind1="0" ind2="4">
    <subfield code="2">22</subfield>
    <subfield code="a">794.81525</subfield>
    <subfield code="b">SHE</subfield>
  </datafield>
  <datafield tag="100" ind1="1" ind2=" ">
    <subfield code="a">Shekar, Siddharth</subfield>
    <subfield code="e">Author</subfield>
  </datafield>
  <datafield tag="245" ind1="1" ind2="0">
    <subfield code="a">C++ game development by example :</subfield>
    <subfield code="b">learn to build games and graphics with SFML, OpenGL, and Vulkan Using C++ programming /</subfield>
    <subfield code="c">Siddharth Shekar.</subfield>
  </datafield>
  <datafield tag="264" ind1=" " ind2="1">
    <subfield code="a">Birmingham, UK :</subfield>
    <subfield code="b">Packt Publishing Ltd.,</subfield>
    <subfield code="c">2019.</subfield>
  </datafield>
  <datafield tag="300" ind1=" " ind2=" ">
    <subfield code="a">iv, 408 pages :</subfield>
    <subfield code="b">illustrations ;</subfield>
    <subfield code="c">24 cm</subfield>
  </datafield>
  <datafield tag="336" ind1=" " ind2=" ">
    <subfield code="2">rdacontent</subfield>
    <subfield code="a">text</subfield>
    <subfield code="b">txt</subfield>
  </datafield>
  <datafield tag="337" ind1=" " ind2=" ">
    <subfield code="2">rdamedia</subfield>
    <subfield code="a">unmediated</subfield>
    <subfield code="b">n</subfield>
  </datafield>
  <datafield tag="338" ind1=" " ind2=" ">
    <subfield code="2">rdacarrier</subfield>
    <subfield code="a">volume</subfield>
    <subfield code="b">nc</subfield>
  </datafield>
  <datafield tag="500" ind1=" " ind2=" ">
    <subfield code="a">Includes index.
</subfield>
  </datafield>
  <datafield tag="506" ind1=" " ind2=" ">
    <subfield code="a">Available on campus and off campus with authorized login.</subfield>
  </datafield>
  <datafield tag="521" ind1=" " ind2=" ">
    <subfield code="a">Trade</subfield>
    <subfield code="b">Packt Publishing, Limited</subfield>
  </datafield>
  <datafield tag="630" ind1="0" ind2="7">
    <subfield code="a">C++ (Computer program language)</subfield>
    <subfield code="2">BUEsh</subfield>
  </datafield>
  <datafield tag="650" ind1=" " ind2="7">
    <subfield code="a">Object-oriented programming languages.</subfield>
    <subfield code="2">BUEsh</subfield>
  </datafield>
  <datafield tag="650" ind1=" " ind2="7">
    <subfield code="a">Computer games</subfield>
    <subfield code="x">Design.</subfield>
    <subfield code="2">BUEsh</subfield>
  </datafield>
  <datafield tag="650" ind1=" " ind2="7">
    <subfield code="a">Computer games</subfield>
    <subfield code="x">Programming.</subfield>
    <subfield code="2">BUEsh</subfield>
  </datafield>
  <datafield tag="653" ind1=" " ind2=" ">
    <subfield code="b">ART</subfield>
    <subfield code="2">GD</subfield>
  </datafield>
  <datafield tag="655" ind1=" " ind2=" ">
    <subfield code="v">Reading book</subfield>
  </datafield>
  <datafield tag="856" ind1="4" ind2="0">
    <subfield code="a">SOUTHEAST</subfield>
    <subfield code="u">https://BZ6FJ9FL8E.search.serialssolutions.com/ejp/?libHash=BZ6FJ9FL8E#/search/?searchControl=title&amp;searchType=title_code&amp;criteria=TC_042471392</subfield>
  </datafield>
  <datafield tag="856" ind1="4" ind2="0">
    <subfield code="a">BLOOMINGTON</subfield>
    <subfield code="u">https://KG6EK7CQ2B.search.serialssolutions.com/ejp/?libHash=KG6EK7CQ2B#/search/?searchControl=title&amp;searchType=title_code&amp;criteria=TC_042471392</subfield>
  </datafield>
  <datafield tag="856" ind1="4" ind2="0">
    <subfield code="a">EAST</subfield>
    <subfield code="u">https://MN3KU4AR6Y.search.serialssolutions.com/ejp/?libHash=MN3KU4AR6Y#/search/?searchControl=title&amp;searchType=title_code&amp;criteria=TC_042471392</subfield>
  </datafield>
  <datafield tag="856" ind1="4" ind2="0">
    <subfield code="a">NORTHWEST</subfield>
    <subfield code="u">https://PS6EE4GK2T.search.serialssolutions.com/ejp/?libHash=PS6EE4GK2T#/search/?searchControl=title&amp;searchType=title_code&amp;criteria=TC_042471392</subfield>
  </datafield>
  <datafield tag="856" ind1="4" ind2="0">
    <subfield code="a">IUPUI</subfield>
    <subfield code="u">https://RX8KL6YF4X.search.serialssolutions.com/ejp/?libHash=RX8KL6YF4X#/search/?searchControl=title&amp;searchType=title_code&amp;criteria=TC_042471392</subfield>
  </datafield>
  <datafield tag="856" ind1="4" ind2="0">
    <subfield code="a">KOKOMO</subfield>
    <subfield code="u">https://TE6UZ4HK6Z.search.serialssolutions.com/ejp/?libHash=TE6UZ4HK6Z#/search/?searchControl=title&amp;searchType=title_code&amp;criteria=TC_042471392</subfield>
  </datafield>
  <datafield tag="856" ind1="4" ind2="0">
    <subfield code="a">SOUTH BEND</subfield>
    <subfield code="u">https://TT5XG8QF8P.search.serialssolutions.com/ejp/?libHash=TT5XG8QF8P#/search/?searchControl=title&amp;searchType=title_code&amp;criteria=TC_042471392</subfield>
  </datafield>
  <datafield tag="856" ind1="4" ind2="0">
    <subfield code="a">COLUMBUS</subfield>
    <subfield code="u">https://RX8KL6YF4X.search.serialssolutions.com/ejp/?libHash=RX8KL6YF4X#/search/?searchControl=title&amp;searchType=title_code&amp;criteria=TC_042471392</subfield>
  </datafield>
  <datafield tag="942" ind1=" " ind2=" ">
    <subfield code="2">ddc</subfield>
    <subfield code="c">BB</subfield>
  </datafield>
  <datafield tag="949" ind1=" " ind2=" ">
    <subfield code="h">seasebook</subfield>
  </datafield>
  <datafield tag="949" ind1=" " ind2=" ">
    <subfield code="h">wellsebook</subfield>
  </datafield>
  <datafield tag="949" ind1=" " ind2=" ">
    <subfield code="h">eaebook</subfield>
  </datafield>
  <datafield tag="949" ind1=" " ind2=" ">
    <subfield code="h">nwstebook</subfield>
  </datafield>
  <datafield tag="949" ind1=" " ind2=" ">
    <subfield code="h">ulebook</subfield>
  </datafield>
  <datafield tag="949" ind1=" " ind2=" ">
    <subfield code="h">kokoebook</subfield>
  </datafield>
  <datafield tag="949" ind1=" " ind2=" ">
    <subfield code="h">sbenebook</subfield>
  </datafield>
  <datafield tag="949" ind1=" " ind2=" ">
    <subfield code="h">coebook</subfield>
  </datafield>
  <datafield tag="999" ind1=" " ind2=" ">
    <subfield code="c">30517</subfield>
    <subfield code="d">30488</subfield>
  </datafield>
  <datafield tag="952" ind1=" " ind2=" ">
    <subfield code="0">0</subfield>
    <subfield code="1">0</subfield>
    <subfield code="2">ddc</subfield>
    <subfield code="4">0</subfield>
    <subfield code="7">0</subfield>
    <subfield code="8">Baccah</subfield>
    <subfield code="a">MAIN</subfield>
    <subfield code="b">MAIN</subfield>
    <subfield code="c">2ND</subfield>
    <subfield code="d">2023-09-05</subfield>
    <subfield code="e">Purchase</subfield>
    <subfield code="g">2001.00</subfield>
    <subfield code="h">37586</subfield>
    <subfield code="l">0</subfield>
    <subfield code="o">794.81525 SHE</subfield>
    <subfield code="p">000056862</subfield>
    <subfield code="r">2025-07-15 00:00:00</subfield>
    <subfield code="v">2501.25</subfield>
    <subfield code="w">2023-09-05</subfield>
    <subfield code="y">BB</subfield>
  </datafield>
</record>
